Statistics for Fast Typing- Ludogorets Razgrad×3

Click here to take the quiz!

General Stats

  • This quiz has been taken 39 times
  • The average score is 28 of 51

Answer Stats

Answer% Correct
D
100%
G
100%
L
100%
O
100%
O
100%
R
100%
U
100%
E
94%
T
89%
S
78%
A
67%
R
67%
Z
61%
G
50%
A
44%
A
44%
A
44%
D
44%
D
44%
D
44%
D
44%
E
44%
E
44%
G
44%
G
44%
G
44%
L
44%
L
44%
O
44%
O
44%
O
44%
O
44%
R
44%
R
44%
R
44%
R
44%
R
44%
S
44%
S
44%
T
44%
T
44%
U
44%
U
44%
Z
44%
R
39%
A
33%
A
33%
G
33%
R
33%
Z
33%
D
28%

Score Distribution

Percentile by Number Answered

Percent of People with Each Score

Your Score History

You have not taken this quiz